[Event "DEM U12 2005"]
[Site "Willingen GER"]
[Date "2005.05.19"]
[Round "8"]
[White "Müller, Tobias"]
[Black "Hohmann, Louisa"]
[Result "1/2-1/2"]
[Termination "normal"]
[Board "26"]
[WhiteElo "1493"]
[BlackElo "1301"]
[PlyCount "30"]
[WhiteFideId "24643394"]
[EventCountry "GER"]
[EventRounds "11"]
[EventType "swiss"]
[EventDate "2005.05.15"]

1. e4 e5 2. Nf3 Nf6 3. Nxe5 d6 4. Nf3 Nxe4 5. Nc3 Nxc3 6. dxc3 Be7 7. Bf4 O-O
8. Qd2 Bg4 9. h3 Bh5 10. g4 Bg6 11. O-O-O a5 12. Bd3 Bxd3 13. Qxd3 Qd7 14. g5
Qa4 15. Be3 Qxa2 1/2-1/2

[Event "DEM U12 2005"]
[Site "Willingen GER"]
[Date "2005.05.19"]
[Round "8"]
[White "Wapenhans, Martin"]
[Black "Cornish, Alexander"]
[Result "0-1"]
[Termination "normal"]
[Board "27"]
[WhiteElo "1416"]
[BlackElo "1466"]
[PlyCount "76"]
[EventCountry "GER"]
[EventRounds "11"]
[EventType "swiss"]
[EventDate "2005.05.15"]

1. d4 Nf6 2. Nf3 e6 3. e3 d5 4. Bd3 c5 5. c3 Nc6 6. Nbd2 Be7 7. O-O O-O 8. dxc5
Bxc5 9. e4 h6 10. e5 Ng4 11. Qe2 Qc7 12. Nb3 Bb6 13. Bf4 f6 14. Bg3 fxe5 15.
Rae1 Qf7 16. Bb5 e4 17. Nfd4 Nxd4 18. cxd4 Nf6 19. f3 Qe7 20. fxe4 Nxe4 21.
Rxf8+ Qxf8 22. Bd3 Nxg3 23. hxg3 Bd7 24. Bb5 Bxb5 25. Qxb5 Qf6 26. Rd1 Rf8 27.
Qe2 e5 28. Qd2 e4 29. Nc5 Bxc5 30. dxc5 Rd8 31. Qb4 Qe7 32. Qc3 Qc7 33. Qd4 a6
34. Qe3 Qe5 35. Qb3 Rd7 36. a3 Kh7 37. Qa4 Qc7 38. Qd4 Qxg3 0-1

[Event "DEM U12 2005"]
[Site "Willingen GER"]
[Date "2005.05.19"]
[Round "8"]
[White "Dürre, Gregor"]
[Black "Bochis, Julia"]
[Result "0-1"]
[Termination "normal"]
[Board "28"]
[WhiteElo "1319"]
[BlackElo "1461"]
[PlyCount "134"]
[BlackFideId "24647276"]
[EventCountry "GER"]
[EventRounds "11"]
[EventType "swiss"]
[EventDate "2005.05.15"]

1. e4 d5 2. exd5 Nf6 3. d4 Nxd5 4. c4 Nb6 5. Nf3 e6 6. a3 c5 7. Be3 cxd4 8.
Bxd4 Nc6 9. Nc3 Nxd4 10. Nxd4 Bc5 11. Nf3 O-O 12. Be2 Re8 13. O-O Nd7 14. Qc2
Nf6 15. Rad1 Qc7 16. Nb5 Qb8 17. b4 Be7 18. c5 Nd5 19. Bd3 h6 20. Rfe1 Bd7 21.
Nbd4 Bf6 22. Ne2 a5 23. b5 Rc8 24. Rc1 Be7 25. Qb2 Rxc5 26. Rxc5 Bxc5 27. Ng3
Nf6 28. Ne5 Be8 29. h3 Qd6 30. Rd1 Bxa3 31. Qa1 Qc5 32. Ng4 Nxg4 33. hxg4 f6
34. Qa2 Bf7 35. Ne4 Qe7 36. Bc4 Bb4 37. Ng3 Re8 38. Nh5 e5 39. Bxf7+ Qxf7 40.
Qxf7+ Kxf7 41. Rd7+ Re7 42. Rd8 a4 43. Ra8 a3 44. Ra7 b6 45. Ra4 Bc5 46. Kf1
Rd7 47. Ke2 g6 48. Ng3 Rd4 49. Ra7+ Ke6 50. f3 Rb4 51. Ne4 Rxb5 52. Nxc5+ Rxc5
53. Rxa3 Kd5 54. Rb3 b5 55. Kd3 f5 56. gxf5 gxf5 57. Rb4 Kc6 58. Rh4 Rd5+ 59.
Kc3 Kc5 60. Rxh6 b4+ 61. Kb3 Rd3+ 62. Kc2 Rc3+ 63. Kb2 Kd4 64. Rb6 b3 65. Rd6+
Kc5 66. Rg6 Re3 67. Rg5 f4 0-1

[Event "DEM U12 2005"]
[Site "Willingen GER"]
[Date "2005.05.19"]
[Round "8"]
[White "Gheng, Hannelore"]
[Black "Wilke, Friedrich"]
[Result "1/2-1/2"]
[Termination "normal"]
[Board "29"]
[WhiteElo "1233"]
[BlackElo "1458"]
[PlyCount "120"]
[EventCountry "GER"]
[EventRounds "11"]
[EventType "swiss"]
[EventDate "2005.05.15"]

1. e4 g6 2. d4 Bg7 3. c4 d6 4. Nc3 c6 5. Be2 Nf6 6. Nf3 O-O 7. O-O Bg4 8. h3
Bxf3 9. Bxf3 Nbd7 10. Be3 Rc8 11. b4 c5 12. bxc5 dxc5 13. e5 Ne8 14. Bxb7 Rb8
15. Ba6 cxd4 16. Bxd4 Nxe5 17. Bxa7 Qxd1 18. Rfxd1 Ra8 19. Nb5 Nc6 20. Bb7 Bxa1
21. Bxa8 Nxa7 22. Rxa1 Nd6 23. Nxd6 Rxa8 24. Nb5 Nc6 25. a3 Kf8 26. Kf1 e5 27.
c5 Ra4 28. Nd6 Ra5 29. Ne4 f5 30. Ng5 h6 31. Ne6+ Ke7 32. Nc7 Rxc5 33. a4 Ra5
34. Nb5 Ke6 35. Rd1 Ne7 36. Rd6+ Kf7 37. Nc3 Rc5 38. Nb5 Rc1+ 39. Ke2 Ra1 40.
Ra6 Nd5 41. Nd6+ Kf8 42. Nc4 h5 43. Nxe5 g5 44. Nd7+ Ke7 45. Nc5 Nf4+ 46. Kd2
Ra2+ 47. Kc3 Rxf2 48. Ra7+ Kd6 49. Nb7+ Kc6 50. Nd8+ Kb6 51. Rb7+ Ka6 52. Rb8
Nd5+ 53. Kd3 Nb6 54. Nc6 Nxa4 55. Ra8+ Kb7 56. Rxa4 Kxc6 57. g4 fxg4 58. hxg4
h4 59. Ra5 Rf8 60. Rxg5 Rh8 1/2-1/2

[Event "DEM U12 2005"]
[Site "Willingen GER"]
[Date "2005.05.19"]
[Round "8"]
[White "Schulz, Anja"]
[Black "Begeluri, Nino"]
[Result "1/2-1/2"]
[Termination "normal"]
[Board "30"]
[WhiteElo "1444"]
[BlackElo "1167"]
[PlyCount "68"]
[WhiteFideId "24647845"]
[EventCountry "GER"]
[EventRounds "11"]
[EventType "swiss"]
[EventDate "2005.05.15"]

1. e4 c5 2. Nf3 Nc6 3. d4 cxd4 4. Nxd4 e5 5. Nb5 d6 6. c4 a6 7. N5a3 Be6 8. Nc3
Nf6 9. Nc2 Be7 10. Be2 O-O 11. O-O Qd7 12. Bg5 h6 13. Bxf6 Bxf6 14. Ne3 Bg5 15.
Ned5 Rad8 16. h3 Nd4 17. f4 Be7 18. f5 Bxd5 19. Nxd5 Rfe8 20. f6 Bf8 21. fxg7
Bxg7 22. Bh5 Rf8 23. Nf6+ Bxf6 24. Rxf6 Kg7 25. Rf2 Qe7 26. g4 Qg5 27. Qd3 Ne6
28. Rf5 Qh4 29. Qf1 Nf4 30. Kh2 Rc8 31. Rc1 b5 32. c5 f6 33. c6 d5 34. exd5
Nxd5 1/2-1/2

[Event "DEM U12 2005"]
[Site "Willingen GER"]
[Date "2005.05.19"]
[Round "8"]
[White "März, Julian"]
[Black "Kammrad, Carolin"]
[Result "1/2-1/2"]
[Termination "normal"]
[Board "31"]
[WhiteElo "1439"]
[BlackElo "1385"]
[PlyCount "63"]
[WhiteFideId "24646172"]
[EventCountry "GER"]
[EventRounds "11"]
[EventType "swiss"]
[EventDate "2005.05.15"]

1. e4 e5 2. Nf3 Nc6 3. Bb5 a6 4. Ba4 Nf6 5. Nc3 b5 6. Bb3 Bc5 7. O-O O-O 8.
Nxe5 Nxe5 9. d4 Bxd4 10. Qxd4 d6 11. Bg5 Be6 12. Nd5 c5 13. Qd1 c4 14. Nxf6+
gxf6 15. Bh6 Re8 16. h3 Kh8 17. f4 f5 18. fxe5 Qh4 19. Bd2 Rg8 20. Rf2 Qxh3 21.
exd6 Rg6 22. Qf3 Qxf3 23. Rxf3 fxe4 24. Bc3+ Kg8 25. Rf6 cxb3 26. axb3 Kf8 27.
Rxg6 hxg6 28. Ba5 Ke8 29. Kf2 Kd7 30. Bc7 Kc6 31. Ke3 f5 32. g3 1/2-1/2

[Event "DEM U12 2005"]
[Site "Willingen GER"]
[Date "2005.05.19"]
[Round "8"]
[White "Marx, Joschka"]
[Black "Orhan, Eda"]
[Result "1-0"]
[Termination "normal"]
[Board "32"]
[WhiteElo "1419"]
[BlackElo "1366"]
[PlyCount "53"]
[WhiteFideId "24645869"]
[BlackFideId "24659258"]
[EventCountry "GER"]
[EventRounds "11"]
[EventType "swiss"]
[EventDate "2005.05.15"]

1. e4 c5 2. Nf3 a6 3. d4 cxd4 4. Nxd4 Nf6 5. Nc3 e5 6. Nf3 Bb4 7. Bd3 Nc6 8.
Bd2 O-O 9. O-O d6 10. a3 Bxc3 11. Bxc3 Re8 12. Re1 Bg4 13. h3 Bh5 14. Bc4 Qc7
15. Qd3 Rad8 16. Nh4 Bg6 17. Nxg6 hxg6 18. Rad1 Qe7 19. Re3 Nh5 20. g3 Qg5 21.
Kh2 Nf6 22. Rf3 d5 23. exd5 e4 24. Qe3 Qh5 25. Rxf6 gxf6 26. Bxf6 Qxd1 27. Qh6
1-0

[Event "DEM U12 2005"]
[Site "Willingen GER"]
[Date "2005.05.19"]
[Round "8"]
[White "Wild, Katharina"]
[Black "Lebek, Ricarda"]
[Result "1-0"]
[Termination "normal"]
[Board "33"]
[WhiteElo "1294"]
[BlackElo "1394"]
[PlyCount "55"]
[WhiteFideId "24678015"]
[BlackFideId "4624688"]
[EventCountry "GER"]
[EventRounds "11"]
[EventType "swiss"]
[EventDate "2005.05.15"]

1. c4 Nc6 2. Nc3 e5 3. Nf3 Nf6 4. g3 Bb4 5. d3 Bxc3+ 6. bxc3 h6 7. Bg2 d6 8.
O-O O-O 9. Ba3 Re8 10. Nd2 Qd7 11. Ne4 Nh7 12. d4 f5 13. Nd2 exd4 14. cxd4 Nxd4
15. Bd5+ Kh8 16. e3 Nc6 17. Nf3 Nf6 18. Bb2 Nxd5 19. cxd5 Ne5 20. Nxe5 dxe5 21.
Rc1 b6 22. Qh5 Bb7 23. f4 Qxd5 24. Rc2 Qh1+ 25. Kf2 Qg2+ 26. Ke1 Qxc2 27. Bxe5
Red8 28. Qxh6+ 1-0

[Event "DEM U12 2005"]
[Site "Willingen GER"]
[Date "2005.05.19"]
[Round "8"]
[White "Kazman, Caner"]
[Black "Lindner, Robert"]
[Result "1-0"]
[Termination "normal"]
[Board "34"]
[WhiteElo "1283"]
[BlackElo "1391"]
[PlyCount "107"]
[WhiteFideId "24684953"]
[BlackFideId "24658847"]
[EventCountry "GER"]
[EventRounds "11"]
[EventType "swiss"]
[EventDate "2005.05.15"]

1. d4 d5 2. Nc3 Nf6 3. Bf4 c6 4. Nf3 Bf5 5. e3 e6 6. a3 Nbd7 7. Nh4 Bg4 8. f3
Bh5 9. g4 Bg6 10. Nxg6 hxg6 11. e4 Be7 12. Qd2 Nh7 13. O-O-O Ng5 14. Bg2 Nb6
15. exd5 exd5 16. Rhe1 O-O 17. Rxe7 Nxf3 18. Qe2 Nh4 19. Re3 Nc4 20. Rh3 Nxg2
21. Qxg2 Qb6 22. b3 Nxa3 23. Qg3 a5 24. Bd6 a4 25. Nxa4 Rxa4 26. Bxf8 Nc4 27.
bxc4 Ra1+ 28. Kd2 Qxd4+ 29. Qd3 Qf2+ 30. Qe2 Qd4+ 31. Rd3 Qf4+ 32. Ke1 Rxd1+
33. Rxd1 Kxf8 34. cxd5 Qb4+ 35. Rd2 Qb1+ 36. Kf2 cxd5 37. Rxd5 Qb6+ 38. Qe3
Qf6+ 39. Kg3 g5 40. Qe5 Qh6 41. Qd6+ Qxd6+ 42. Rxd6 Ke7 43. Rb6 Kd7 44. Rxb7+
Ke6 45. Kf3 Kf6 46. Ke4 Ke6 47. Rb6+ Ke7 48. c4 Kd7 49. Kd5 Kc7 50. c5 Kc8 51.
Kd6 f6 52. c6 g6 53. c7 f5 54. Rb8# 1-0

[Event "DEM U12 2005"]
[Site "Willingen GER"]
[Date "2005.05.19"]
[Round "8"]
[White "Dorn, Carina"]
[Black "Weißenburg, Isabel"]
[Result "1-0"]
[Termination "normal"]
[Board "36"]
[WhiteElo "1554"]
[BlackElo "1146"]
[PlyCount "103"]
[WhiteFideId "24666335"]
[BlackFideId "4612922"]
[EventCountry "GER"]
[EventRounds "11"]
[EventType "swiss"]
[EventDate "2005.05.15"]

1. d4 d5 2. c4 e6 3. Nc3 Nf6 4. cxd5 exd5 5. Bg5 Be7 6. e3 a6 7. Bd3 O-O 8. Qc2
h6 9. Bh4 Nbd7 10. Nge2 c5 11. O-O Bd6 12. Nxd5 g5 13. Nxf6+ Nxf6 14. Bg3 cxd4
15. Bxd6 Qxd6 16. Nxd4 Ng4 17. Nf3 Kg7 18. Rfd1 Qb8 19. Bf5 Bxf5 20. Qxf5 Nf6
21. Nxg5 Qc8 22. Qxc8 Raxc8 23. Nf3 Rc2 24. b3 Ne4 25. Rf1 Rfc8 26. Nd4 Rb2 27.
f3 Nc3 28. Rf2 Rb1+ 29. Rxb1 Nxb1 30. Rc2 Re8 31. Kf2 Na3 32. Rc7 Rb8 33. Ne6+
Kf6 34. Nc5 Rd8 35. Ne4+ Kg7 36. Rxb7 Rc8 37. Rb6 a5 38. Ra6 Rc2+ 39. Kg3 Rxa2
40. Rxa5 f5 41. Nd6 Kf6 42. Nb5 Re2 43. Nxa3 Rxe3 44. Rb5 Kg5 45. Nc4 Re2 46.
Nd6 h5 47. Nxf5 Kg6 48. Nd6 Re6 49. Ne4 Re8 50. b4 h4+ 51. Kxh4 Rh8+ 52. Kg3
1-0

[Event "DEM U12 2005"]
[Site "Willingen GER"]
[Date "2005.05.19"]
[Round "8"]
[White "Riabov, Igor"]
[Black "Mirke, Roy"]
[Result "0-1"]
[Termination "normal"]
[Board "37"]
[WhiteElo "1380"]
[BlackElo "1549"]
[PlyCount "110"]
[BlackFideId "24647306"]
[EventCountry "GER"]
[EventRounds "11"]
[EventType "swiss"]
[EventDate "2005.05.15"]

1. d4 d5 2. c4 e6 3. Nc3 c6 4. Nf3 Nf6 5. Bg5 Be7 6. e3 Nbd7 7. cxd5 exd5 8.
Bd3 O-O 9. Qc2 h6 10. Bh4 Re8 11. O-O a5 12. a3 Qc7 13. Rab1 Qd8 14. b4 axb4
15. axb4 b5 16. Qb2 Bb7 17. Ra1 Qb6 18. Nd2 Ba6 19. Ra2 Bb7 20. Rfa1 Kf8 21.
Ne2 Rxa2 22. Rxa2 Ra8 23. Rxa8+ Bxa8 24. Qc3 Nb8 25. Nc1 Na6 26. Na2 g5 27. Bg3
Bb7 28. Qb3 Nh5 29. Be5 f6 30. Bg3 Nxg3 31. hxg3 Kg7 32. g4 Qc7 33. Nf1 Bc8 34.
f3 Qd6 35. Qc2 Bd7 36. Bh7 Be8 37. e4 Nxb4 38. Nxb4 Qxb4 39. exd5 Qxd4+ 40. Kh1
Qxd5 41. Ne3 Qc5 42. Qd3 Qa3 43. Qe4 Qb4 44. Qd3 Qe1+ 45. Kh2 Qh4+ 46. Kg1 Bc5
47. Qc3 Bxe3+ 48. Qxe3 Bf7 49. Be4 Qg3 50. Bxc6 b4 51. Be8 Qe5 52. Qa7 Qxe8 53.
Qb6 Qe1+ 54. Kh2 b3 55. Qd4 Qe5+ 0-1

[Event "DEM U12 2005"]
[Site "Willingen GER"]
[Date "2005.05.19"]
[Round "8"]
[White "Tantzen, Cedric"]
[Black "Nguyen Minh, Thuy"]
[Result "1/2-1/2"]
[Termination "normal"]
[Board "38"]
[WhiteElo "1538"]
[BlackElo "1328"]
[PlyCount "52"]
[WhiteFideId "24640018"]
[BlackFideId "24672688"]
[EventCountry "GER"]
[EventRounds "11"]
[EventType "swiss"]
[EventDate "2005.05.15"]

1. e4 c5 2. Nf3 Nc6 3. d4 cxd4 4. Nxd4 g6 5. c4 Bg7 6. Be3 Nf6 7. Nc3 O-O 8.
Be2 d6 9. O-O Bd7 10. Rc1 Rc8 11. Qd2 Re8 12. Rfd1 a6 13. f3 Ne5 14. b3 Bh8 15.
Nd5 Bg7 16. Nc2 Nxd5 17. Qxd5 Bc6 18. Qd2 Qd7 19. h3 f6 20. Nb4 Qd8 21. Nd5 Nd7
22. Qb4 a5 23. Qa3 b6 24. b4 Ra8 25. b5 Bb7 26. Qb3 Nc5 1/2-1/2

[Event "DEM U12 2005"]
[Site "Willingen GER"]
[Date "2005.05.19"]
[Round "8"]
[White "Wolf, Isaak"]
[Black "Risius, Philipp"]
[Result "1/2-1/2"]
[Termination "normal"]
[Board "39"]
[WhiteElo "1470"]
[BlackElo "1429"]
[PlyCount "50"]
[BlackFideId "24630330"]
[EventCountry "GER"]
[EventRounds "11"]
[EventType "swiss"]
[EventDate "2005.05.15"]

1. e4 e5 2. Nc3 Nc6 3. Nf3 Nf6 4. Bb5 Bc5 5. d3 h6 6. O-O d6 7. Be3 Bb6 8. h3
O-O 9. Qd2 Nd4 10. Bxd4 exd4 11. Ne2 c6 12. Bc4 c5 13. Nf4 Re8 14. a3 Bd7 15.
Rfe1 Bc7 16. Nd5 Nxd5 17. Bxd5 Bc6 18. Bxc6 bxc6 19. c3 dxc3 20. bxc3 Qf6 21.
Rab1 Rab8 22. Qc2 d5 23. Nd2 Ba5 24. Rxb8 Rxb8 25. e5 Qe6 1/2-1/2

[Event "DEM U12 2005"]
[Site "Willingen GER"]
[Date "2005.05.19"]
[Round "8"]
[White "Schwarzat, Julian"]
[Black "Pantusenko, Valeria"]
[Result "1/2-1/2"]
[Termination "normal"]
[Board "40"]
[WhiteElo "1185"]
[BlackElo "1459"]
[PlyCount "86"]
[WhiteFideId "24675857"]
[BlackFideId "4662920"]
[EventCountry "GER"]
[EventRounds "11"]
[EventType "swiss"]
[EventDate "2005.05.15"]

1. e4 e5 2. Nf3 Nc6 3. d4 exd4 4. Nxd4 Bc5 5. Be3 Qf6 6. c3 Nge7 7. Bc4 d6 8.
O-O O-O 9. Nxc6 Nxc6 10. Bxc5 dxc5 11. f4 Qg6 12. Qf3 Bg4 13. f5 Qh5 14. Qf4
Rac8 15. h3 Be2 16. g4 Qxh3 17. Bxe2 Rfe8 18. Rf2 Qh4 19. Nd2 Rcd8 20. Nf3 Qe7
21. Nd2 Ne5 22. Rd1 h6 23. Rff1 a6 24. Nf3 Nc6 25. Rxd8 Nxd8 26. Rd1 Nc6 27.
Bd3 b5 28. Bc2 a5 29. Qd2 Rd8 30. Qf2 Rd6 31. Rxd6 cxd6 32. a3 Nb8 33. Qe2 c4
34. Nd4 Qe5 35. Qf3 Nd7 36. Kg2 Qc5 37. Qf4 Ne5 38. Nf3 a4 39. Nxe5 dxe5 40.
Qf2 Qd6 41. Kf3 Kf8 42. Ke2 Ke7 43. Qa7+ Kf8 1/2-1/2

[Event "DEM U12 2005"]
[Site "Willingen GER"]
[Date "2005.05.19"]
[Round "8"]
[White "Lauer, Florian"]
[Black "Kreiter, Thomas"]
[Result "1/2-1/2"]
[Termination "normal"]
[Board "41"]
[WhiteElo "1382"]
[BlackElo "1312"]
[PlyCount "96"]
[WhiteFideId "12910074"]
[BlackFideId "24645591"]
[EventCountry "GER"]
[EventRounds "11"]
[EventType "swiss"]
[EventDate "2005.05.15"]

1. e4 e5 2. Bc4 Nf6 3. Nc3 Bc5 4. d3 d6 5. Na4 Bb6 6. Nxb6 axb6 7. a3 Be6 8.
Bxe6 fxe6 9. Nf3 O-O 10. O-O Nc6 11. Ng5 Qe8 12. c3 h6 13. Nf3 Qg6 14. Nh4 Qh5
15. Qxh5 Nxh5 16. Be3 Nf4 17. Bxf4 exf4 18. g3 f3 19. Ng6 Rf6 20. Nf4 g5 21.
Nh5 Rg6 22. g4 Ne5 23. d4 Nxg4 24. h3 Nf6 25. Nxf6+ Rxf6 26. Kh2 Rf4 27. Rae1
Ra4 28. Re3 e5 29. Rd1 exd4 30. Rxd4 Rxd4 31. cxd4 Rh4 32. Kg3 Kg7 33. d5 h5
34. e5 dxe5 35. Rxe5 Kf6 36. Re3 Rf4 37. Rc3 h4+ 38. Kh2 Rd4 39. Rxc7 Rxd5 40.
Rxb7 Rd6 41. Rb8 Kf7 42. Rb7+ Kf6 43. Rb8 Kf7 44. Rb7+ Kf6 45. Rb8 Kf7 46. Rb7+
Kf6 47. Rb8 Kf7 48. Rb7+ Kf6 1/2-1/2

[Event "DEM U12 2005"]
[Site "Willingen GER"]
[Date "2005.05.19"]
[Round "8"]
[White "Popov, Xenia"]
[Black "Kormann, Jewgenija"]
[Result "1-0"]
[Termination "normal"]
[Board "42"]
[WhiteElo "1306"]
[BlackElo "1210"]
[PlyCount "102"]
[BlackFideId "24606669"]
[EventCountry "GER"]
[EventRounds "11"]
[EventType "swiss"]
[EventDate "2005.05.15"]

1. d4 d5 2. Nf3 Nf6 3. Bf4 Bg4 4. e3 e6 5. Bd3 Bd6 6. Bxd6 Qxd6 7. Nbd2 O-O 8.
O-O Nbd7 9. c3 h6 10. Re1 Rab8 11. Rc1 c6 12. e4 dxe4 13. Nxe4 Nxe4 14. Bxe4
Nf6 15. Bd3 Rbd8 16. Rc2 c5 17. Rd2 cxd4 18. cxd4 Qc6 19. Ne5 Bxd1 20. Nxc6
bxc6 21. Rexd1 Rd7 22. h3 Rfd8 23. Kf1 Nd5 24. Be4 Ne7 25. Ke1 f5 26. Bf3 Kf7
27. g3 g6 28. b4 Rd6 29. a3 a6 30. h4 Ra8 31. Rb2 Ra7 32. Be2 Nd5 33. Rc2 Kf6
34. Rd3 Rad7 35. Rcd2 Ra7 36. Rd1 Ra8 37. Rf3 Ra7 38. g4 g5 39. gxf5 exf5 40.
hxg5+ hxg5 41. Rh3 Kg7 42. Bc4 Nf4 43. Rg3 Kg6 44. Kf1 Rad7 45. Bxa6 Rxd4 46.
Rxd4 Rxd4 47. Ke1 Ne6 48. Rd3 Re4+ 49. Re3 Rxe3+ 50. fxe3 Nc7 51. Bc8 51... Nb5
{Rest nicht nachvollziehbar} 1-0

[Event "DEM U12 2005"]
[Site "Willingen GER"]
[Date "2005.05.19"]
[Round "8"]
[White "Stitterich, Nadine"]
[Black "von Wardenburg, Jendrik"]
[Result "1/2-1/2"]
[Termination "normal"]
[Board "43"]
[WhiteElo "1301"]
[BlackElo "965"]
[PlyCount "73"]
[WhiteFideId "24676527"]
[EventCountry "GER"]
[EventRounds "11"]
[EventType "swiss"]
[EventDate "2005.05.15"]

1. e4 e5 2. Nf3 Nc6 3. Bb5 Nf6 4. O-O d6 5. Re1 Bd7 6. c3 a6 7. Ba4 Be7 8. d4
exd4 9. cxd4 O-O 10. h3 h6 11. Nc3 Re8 12. Bf4 Bf8 13. a3 Ne7 14. Bb3 Ng6 15.
Bh2 Rc8 16. Ba2 c6 17. Qb3 Re7 18. Qxb7 Bxh3 19. Qxa6 Bxg2 20. Kxg2 Nh5 21. Bg3
Qd7 22. Rh1 Qg4 23. Rxh5 Nf4+ 24. Kf1 Qxh5 25. Bxf4 Qxf3 26. Re1 Rb8 27. Bc1
Qh1+ 28. Ke2 Rxe4+ 29. Nxe4 Qxe4+ 30. Kd2 Qxd4+ 31. Qd3 Qxf2+ 32. Re2 Qf4+ 33.
Kc2 Qf1 34. Qd2 Qf5+ 35. Kd1 Qf1+ 36. Kc2 Qf5+ 37. Kd1 1/2-1/2

[Event "DEM U12 2005"]
[Site "Willingen GER"]
[Date "2005.05.19"]
[Round "8"]
[White "Garny, Annica"]
[Black "Saak, Saskia"]
[Result "1/2-1/2"]
[Termination "normal"]
[Board "44"]
[WhiteElo "1259"]
[BlackElo "1167"]
[PlyCount "67"]
[WhiteFideId "24600660"]
[EventCountry "GER"]
[EventRounds "11"]
[EventType "swiss"]
[EventDate "2005.05.15"]

1. e4 e6 2. d4 d5 3. exd5 exd5 4. Nf3 Bd6 5. Nc3 Ne7 6. Be3 Nbc6 7. Bb5 Bg4 8.
Bxc6+ bxc6 9. h3 Bxf3 10. Qxf3 O-O 11. O-O Re8 12. Na4 Qd7 13. Nc5 Qf5 14. Qxf5
Nxf5 15. Rae1 Nxe3 16. Rxe3 Rxe3 17. fxe3 Bxc5 18. dxc5 Re8 19. Kf2 f6 20. b3
a5 21. c4 Ra8 22. cxd5 cxd5 23. Rb1 a4 24. bxa4 Rxa4 25. Rb7 Rxa2+ 26. Kf3 Rd2
27. Rxc7 d4 28. exd4 Rxd4 29. Rc6 Rc4 30. Kg3 g6 31. Rxf6 Rxc5 32. Rf4 Rc3+ 33.
Rf3 Rxf3+ 34. Kxf3 1/2-1/2

[Event "DEM U12 2005"]
[Site "Willingen GER"]
[Date "2005.05.19"]
[Round "8"]
[White "Rau, Carla"]
[Black "Zimmerer, Leah"]
[Result "1-0"]
[Termination "normal"]
[Board "45"]
[WhiteElo "1063"]
[BlackElo "1243"]
[PlyCount "105"]
[BlackFideId "4620240"]
[EventCountry "GER"]
[EventRounds "11"]
[EventType "swiss"]
[EventDate "2005.05.15"]

1. d4 f5 2. e3 e6 3. Nf3 Nf6 4. Bd3 b6 5. O-O Bb7 6. Nbd2 d6 7. Re1 g6 8. e4 f4
9. e5 dxe5 10. dxe5 Nd5 11. Ne4 Bg7 12. Neg5 Qe7 13. Nh3 O-O 14. Be4 Bh6 15. g3
g5 16. Nfxg5 Bxg5 17. Qg4 h6 18. gxf4 Rf7 19. fxg5 Rg7 20. g6 Qd7 21. Bxh6 Re7
22. g7 Nc6 23. Ng5 Rxg7 24. Bxg7 Qxg7 25. Bh7+ Kh8 26. Qh5 Nf4 27. Qg4 Nh3+ 28.
Qxh3 Qxg5+ 29. Kh1 Nxe5+ 30. Be4+ Kg7 31. Bxb7 Rh8 32. Rg1 Rxh3 33. Rxg5+ Kf6
34. Bg2 Rh4 35. Rg3 Ng4 36. Rxg4 Rxg4 37. h3 Rd4 38. c3 Rd2 39. b4 Rxf2 40. Rf1
Rxf1+ 41. Bxf1 e5 42. Kg2 Kf5 43. Kf3 c6 44. h4 e4+ 45. Ke3 Kg4 46. Kxe4 Kxh4
47. Kd4 Kg5 48. Ke5 Kg6 49. Kd6 Kf6 50. Kxc6 Ke6 51. Bc4+ Ke7 52. Kb7 Kd7 53.
Bb5+ 1-0

[Event "DEM U12 2005"]
[Site "Willingen GER"]
[Date "2005.05.19"]
[Round "8"]
[White "Falke, Cynthia"]
[Black "Rogasch, Miriam"]
[Result "1-0"]
[Termination "normal"]
[Board "46"]
[WhiteElo "1190"]
[BlackElo "774"]
[PlyCount "105"]
[WhiteFideId "24600644"]
[BlackFideId "4616324"]
[EventCountry "GER"]
[EventRounds "11"]
[EventType "swiss"]
[EventDate "2005.05.15"]

1. e4 e5 2. Nf3 Nc6 3. Bc4 Nf6 4. d3 Bc5 5. Nc3 d6 6. Bd2 Be6 7. Bb3 d5 8. Bg5
d4 9. Nd5 Be7 10. Nxf6+ Bxf6 11. Bxf6 Qxf6 12. Bxe6 Qxe6 13. O-O O-O 14. Re1
Qd6 15. Rb1 Nb4 16. a3 Nc6 17. Nh4 Qf6 18. Nf3 Ne7 19. c3 c5 20. cxd4 cxd4 21.
Rc1 Qb6 22. Rc2 Rac8 23. Nxe5 Rxc2 24. Qxc2 Rc8 25. Qd2 Qb3 26. Rc1 Rxc1+ 27.
Qxc1 h6 28. Qd2 f6 29. Nf3 Nc6 30. Ne1 a5 31. Qc2 Qxc2 32. Nxc2 b5 33. Kf1 Kf7
34. Ke2 Ke6 35. f4 f5 36. g3 fxe4 37. dxe4 g6 38. Kd3 g5 39. Nxd4+ Nxd4 40.
Kxd4 gxf4 41. gxf4 Kf6 42. Kd5 b4 43. axb4 axb4 44. Kc4 b3 45. Kd5 h5 46. h4
Ke7 47. e5 Kd7 48. f5 Ke7 49. f6+ Kd7 50. e6+ Ke8 51. Kd6 Kf8 52. Kd7 Kg8 53.
e7 1-0

[Event "DEM U12 2005"]
[Site "Willingen GER"]
[Date "2005.05.19"]
[Round "8"]
[White "Weber, Max"]
[Black "Mytyukova, Yevgeniya"]
[Result "0-1"]
[Termination "normal"]
[Board "47"]
[WhiteElo "1128"]
[BlackElo "1201"]
[PlyCount "80"]
[WhiteFideId "4624831"]
[EventCountry "GER"]
[EventRounds "11"]
[EventType "swiss"]
[EventDate "2005.05.15"]

1. e4 e5 2. Nf3 Nc6 3. d4 exd4 4. Nxd4 Nf6 5. Nc3 Bb4 6. Nxc6 bxc6 7. Bd3 d6 8.
O-O O-O 9. Bd2 Bg4 10. f3 Bc5+ 11. Kh1 Bh5 12. Ne2 h6 13. Ng3 Bg6 14. Qe2 Nh5
15. Nxh5 Bxh5 16. Be3 Bxe3 17. Qxe3 Qf6 18. c3 Rfe8 19. Rfd1 d5 20. Qc5 dxe4
21. Bxe4 Re5 22. Qxc6 Qxc6 23. Bxc6 Rb8 24. b3 Rb6 25. Be4 Bg6 26. Bxg6 Rxg6
27. Kg1 Re2 28. g3 h5 29. Rd8+ Kh7 30. Rd7 h4 31. g4 Re3 32. Rxc7 Rxf3 33. Kg2
Rd3 34. h3 Rg3+ 35. Kh2 Rf6 36. c4 Rf2+ 37. Kh1 Rxh3+ 38. Kg1 Rfh2 39. Rf1 Rh1+
40. Kg2 R3h2+ 0-1

[Event "DEM U12 2005"]
[Site "Willingen GER"]
[Date "2005.05.19"]
[Round "8"]
[White "Dilz, Jasmin"]
[Black "Thewes, Anna Christina"]
[Result "1/2-1/2"]
[Termination "normal"]
[Board "48"]
[WhiteElo "1138"]
[BlackElo "918"]
[PlyCount "83"]
[EventCountry "GER"]
[EventRounds "11"]
[EventType "swiss"]
[EventDate "2005.05.15"]

1. b4 e5 2. Bb2 Bd6 3. e3 Nf6 4. b5 a6 5. a4 O-O 6. c4 Bb4 7. Bxe5 d6 8. Bb2
Bf5 9. Nc3 b6 10. Qb3 a5 11. Ba3 Bxa3 12. Qxa3 Nbd7 13. g3 Ne5 14. d4 Ng6 15.
Bg2 Qe7 16. Bxa8 Rxa8 17. Nge2 Ne4 18. Nd5 Qd7 19. f3 Ng5 20. Nef4 Nxf4 21.
Nxf4 Nxf3+ 22. Kf2 Nd2 23. Rhc1 Qe7 24. Ke2 Ne4 25. Ra2 Bg4+ 26. Kf1 Qf6 27.
Qd3 Re8 28. Kg2 Qf5 29. h3 Bh5 30. g4 Bxg4 31. hxg4 Qxg4+ 32. Kf1 Qf3+ 33. Ke1
Ng3 34. Kd2 Qf2+ 35. Ne2 Ne4+ 36. Kc2 Ng5 37. Kb1 Rxe3 38. Nc3 Qxa2+ 39. Nxa2
Rxd3 40. Re1 Kf8 41. d5 Rd4 42. Rc1 1/2-1/2

[Event "DEM U12 2005"]
[Site "Willingen GER"]
[Date "2005.05.19"]
[Round "8"]
[White "Vyelina, Valeriya"]
[Black "Thiele, Eileen"]
[Result "1-0"]
[Termination "normal"]
[Board "49"]
[WhiteElo "885"]
[BlackElo "929"]
[PlyCount "77"]
[WhiteFideId "24677345"]
[EventCountry "GER"]
[EventRounds "11"]
[EventType "swiss"]
[EventDate "2005.05.15"]

1. e4 e5 2. Nf3 Nc6 3. Nc3 Nf6 4. Bb5 Bb4 5. O-O Qe7 6. Nd5 Nxd5 7. exd5 a6 8.
Bc4 Na5 9. Bb3 O-O 10. c3 Nxb3 11. Qxb3 Ba5 12. d4 exd4 13. Nxd4 d6 14. Qc2 Bb6
15. Nf3 h6 16. Bd2 Qf6 17. Rfe1 Bf5 18. Qd1 Bg4 19. Be3 Ba7 20. Bxa7 Rxa7 21.
Re3 Raa8 22. Qd3 Rfe8 23. Rae1 Rxe3 24. Rxe3 Bf5 25. Qe2 Qd8 26. Nd4 Bg6 27. f4
f5 28. g4 Qd7 29. Re7 Qc8 30. Qe6+ Qxe6 31. Nxe6 fxg4 32. Rxg7+ Kh8 33. Rxg6 h5
34. Rh6+ Kg8 35. Rxh5 c6 36. c4 Rc8 37. dxc6 Rxc6 38. Rg5+ Kf7 39. Nd8+ 1-0